ბათუმის შოთა რუსთაველის სახელმწიფო უნივერსიტეტის ბიბლიოთეკა

საქართველოს მეცნიერებათა ეროვნული აკადემია : (ბიბ.ჩანაწერი № 60066)

000 -ლიდერი
ფიქსირებული სიგრძის საკონტროლო ველი 01101nam a22002177a 4500
003 - საკონტროლო ნომრის იდენტიფიკატორი
საკონტროლო ველი Ge_BSU
005 - ბოლო ოპერაციის თარიღი და დრო
საკონტროლო ველი 20230602170002.0
008 - ფიქსირებული სიგრძის მონაცემთა ელემენტები - ზოგადი ინფორმაცია
ფიქსირებული სიგრძის საკონტროლო ველი 230602s2011 ge ||||| |||| 00| 0 geo d
020 ## - წიგნის საერთაშორისო სტანდარტული ნომერი
International Standard Book Number 9785937280978
041 ## - ენის კოდი
Language code of text/sound track or separate title geo
080 ## - უნივერსალური ათობითი კლასიფიკაციის ინდექსი
Universal Decimal Classification number 061.12(479.22) მ-45
100 ## - მთავარი ჩანაწერი - პიროვნების სახელი
Personal name მგალობლიშვილი, ლევან
9 (RLIN) 18449
245 ## - ცნობა სათაურის შესახებ
Title საქართველოს მეცნიერებათა ეროვნული აკადემია :
Remainder of title 1941-2011 = Georgian National Academy of sciences, 1941-2011 /
Statement of responsibility, etc ლევან მგალობლიშვილი; [რედ. ოთარ ნათიშვილი].
264 ## - წარმოების, გამოცემის, დისტრიბუციის და სხვა ცნობები
გამოცემის, წარმოების, დისტრიბუციის... ადგილი თბილისი :
გამოცემის, წარმოების, დისტრიბუციის... თარიღი 2011.
300 ## - ფიზიკური აღწერა
Extent 328გვ.:
Other physical details + 22 ჩართ. ფ. ფოტ. ;
Dimensions 25 სმ.
501 ## - შენიშვნა თანმხლებ მასალაზე
With note პარალ. თავფურ.
520 ## - SUMMARY, ETC.
Summary, etc რეზ. ინგლ. ენ.
653 ## - INDEX TERM--UNCONTROLLED
Uncontrolled term საქართველოს მეცნიერებათა აკადემია.
700 ## - ADDED ENTRY--PERSONAL NAME
Personal name ნათიშვილი, ოთარ
Relator term რედაქტორი
9 (RLIN) 14799
942 ## - ADDED ENTRY ELEMENTS (KOHA)
Source of classification or shelving scheme
Koha item type წიგნი
ეგზემპლარები
ჩამოწერის სტატუსი დაკარგული ეგზემპლარის სტატუსი კლასიფიკაციის წყარო ან თაროზე გაწყობის სქემა დაზიანების სტატუსი არ გაიცემა მუდმივი მდებარეობა (დაცვის ადგილი) ამჟამინდელი ადგილსამყოფელი თაროზე განთავსების ადგილი შეძენის თარიღი ღირებულება, შესყიდვის ნორმალური ფასი სრული შენახვის შიფრი შტრიხკოდი ბოლო ოპერაციის თარიღი ეგზემპლარის მიმდევრობითი ნომერი (კეტერი?) Uniform Resource Identifier ფასის ძალაში შესვლის თარიღი ეგზემპლარის სახეობა საჯარო შენიშვნა
          ბათუმის შოთა რუსთაველის სახელმწიფო უნივერსიტეტის მთავარი ბიბლიოთეკა ბათუმის შოთა რუსთაველის სახელმწიფო უნივერსიტეტის მთავარი ბიბლიოთეკა წიგნსაცავი 2023-06-02 13.00 061.12(479.22) მ-45 64529 2023-06-02 64529 ბსუ-ს საპატიო დოქტორის გურამ ლორთქიფანიძის საჩუქარი 2023-06-02 წიგნი 13 ლ.